000 00280nam a22001337a 4500
008 171031b xxu||||| |||| 00| 0 eng d
020 _a886219026
041 _aeng
080 _a330.113
100 _a58
101 _aBUS
245 _aBUSINESS LAW
_cCLARKSON
942 _2udc
_cBK
999 _c36719
_d36719